|
|
|
|
| LEADER |
00000nab a2200000 a 4500 |
| 001 |
vtls000741975 |
| 003 |
SK-MaSNL |
| 005 |
20260318124326.0 |
| 008 |
160405c2000 xo 0 hun |
| 015 |
|
|
|a SNBRB2000/12-32377
|
| 035 |
|
|
|a CLN000093815
|
| 040 |
|
|
|a SNKBUCL
|b slo
|c SNKBUCL
|e AACR2
|
| 041 |
0 |
|
|a hun
|
| 044 |
|
|
|a xo
|c SK
|
| 080 |
|
|
|a 78.091.4:784.4:785
|2 1997
|
| 080 |
|
|
|a 784.4
|2 1997
|
| 100 |
1 |
|
|a Ág, Tibor,
|d 1928-2013
|4 aut
|9 174546
|
| 245 |
1 |
0 |
|a Döntő - elődöntők nélkül
|b hiányzik az a fórum, ahol a népi hagyományok továbbvitele során keletkezett torzulásokra rá lehetne mutatni
|c Ág Tibor
|
| 300 |
|
|
|b Fotogr.
|
| 611 |
1 |
7 |
|a Jarný vietor vody vzdúva
|d 2000
|c Bratislava, Slovensko
|2 snkbucl
|9 1282211
|
| 650 |
0 |
7 |
|a maďarské ľudové piesne
|2 snkbucl
|9 3468
|
| 650 |
0 |
7 |
|a hudba ľudová maďarská
|2 snkbucl
|9 984603
|
| 651 |
|
7 |
|a Bratislava (Slovensko)
|2 snkbucl
|9 14568
|
| 655 |
|
7 |
|a články z novín a časopisov
|2 snkbucl
|9 267496
|
| 773 |
0 |
|
|t Új szó
|g Roč. 53, č. 275 (29.11.2000), s. 18
|
| 850 |
|
|
|a Slovenská národná knižnica v Martine
|
| 852 |
|
|
|a SNK
|b KIS3GCP
|
| 958 |
|
|
|a HU
|
| 958 |
|
|
|a SK
|
| 958 |
|
|
|a RBX
|
| 999 |
|
|
|c 2548113
|d 2550043
|